书目信息 |
| 题名: |
中国学生必读文库
|
|
| 作者: | 邓伟志 主编 | |
| 分册: | 上 社会卷 | |
| 出版信息: | 天津 天津教育出版社 2000.01 |
|
| 页数: | 461页 | |
| 开本: | 20cm | |
| 丛书名: | ||
| 单 册: | ||
| 中图分类: | Z228.2 | |
| 科图分类: | ||
| 主题词: | 青年读物--普及读物,综合性--中国 , 中小学 | |
| 电子资源: | ||
| ISBN: | 7-5309-3125-3 | |
| 000 | 00640nam0 2200217 45 | |
| 001 | 0110241024 | |
| 005 | 20041207162232.8 | |
| 010 | @a7-5309-3125-3@dCNY22.50 | |
| 100 | @a20011024d2000 km y0chiy0120 ea | |
| 101 | 0 | @achi |
| 105 | @a z 000yy | |
| 200 | 1 | @a中国学生必读文库@AZhong Guo Xue Sheng Bi Du Wen Ku@i社会卷@h上@f邓伟志主编@FDeng Wei Zhi Zhu Bian |
| 210 | @a天津@c天津教育出版社@d2000.01 | |
| 215 | @a461页@d20cm | |
| 517 | @a社会卷@AShe Hui Juan | |
| 606 | 0 | @a青年读物@x普及读物,综合性@y中国 |
| 606 | 0 | @a中小学 |
| 690 | @aZ228.2@v4 | |
| 701 | @a邓伟志@4主编 | |
| 801 | @aCN@bTSTC@c20011024 | |
| 905 | @dZ228.2@e139:1(1) | |
| 中国学生必读文库.社会卷.上/邓伟志主编.-天津:天津教育出版社,2000.01 |
| 461页;20cm |
| ISBN 7-5309-3125-3:CNY22.50 |
| ● |
| 相关链接 |
|
|
|
|
正题名:中国学生必读文库
索取号:Z228.2/139:1(1)
 
预约/预借
| 序号 | 登录号 | 条形码 | 馆藏地/架位号 | 状态 | 备注 |
| 1 | 0299986 | 202999862 | 第三借阅区/ [索取号:Z228.2/139:1(1)] | 在馆 | |
| 2 | 0299987 | 202999871 | 第三借阅区/ [索取号:Z228.2/139:1(1)] | 在馆 | |
| 3 | 0299988 | 202999880 | 第三借阅区/ [索取号:Z228.2/139:1(1)] | 在馆 | |
| 4 | 0299989 | 202999899 | 第三借阅区/ [索取号:Z228.2/139:1(1)] | 在馆 | |
| 5 | 0299990 | 202999906 | 第二样本阅览室/ [索取号:Z228.2/139:1(1)] | 在馆 |